Bruno od Mesjasza

Titel: Bruno od Mesjasza : rzecz o dwóch ekslibrisach oraz jednym obrazie i killkudziesie̜ciu rysunkach Brunona Schulza / Władysław Panas
Verfasser:
Veröffentlicht: Lublin : Wydaw. Uniw. Marii Curie-Skłodowskiej, 2001
Umfang: 200 S. : Ill.
Format: Buch
Sprache: Polnisch
RVK-Notation:
Schlagworte:
ISBN: 8322717946
Buchumschlag
X
Lokale Klassifikation: 2 S 863 ; 26 11 M ; 32 9 F
alg: 10568106
001A    $00030:17-07-02 
001B    $01999:19-05-23 $t21:40:33.000 
001C    $00030:20-05-15 $t17:41:57.000 
001D    $00030:19-09-02 
001U    $0utf8 
001X    $00 
002@    $0Aay 
003@    $0105681067 
003O    $049855257 $aOCoLC 
004A    $083-227-1794-6 
007A    $0105681067 $aHEB 
007T    $0Herdhh105681067 
010@    $apol 
011@    $a2001 
013H    $0z 
021A    $aBruno od Mesjasza $drzecz o dwóch ekslibrisach oraz jednym obrazie i killkudziesie̜ciu rysunkach Brunona Schulza $hWładysław Panas 
028A    $#Panas, Vladyslav $7131675737 $8Panas, Władysław$Z1947-2005 [Tp1] $9178227811 
033A    $pLublin $nWydaw. Uniw. Marii Curie-Skłodowskiej 
034D    $a200 S. 
034M    $aIll. 
044K    $#Schulz, Bruno $#Shults, Bruno $#Šulʹc, Bruno $#Šûlṣ, Brûnô $#บรูโน ชูลซ์ $7118762427 $8Schulz, Bruno$Z1892-1942 [Tp1] $9087103109 
045F    $a200.9437 $eDDC23BSB 
045F/01 $a200.9 
045F/03 $g437 
045F/03 $g438 
045G    $a709.438 $eDDC23BSB 
045G/01 $a709 
045G/03 $g438 
045H    $a909.04924 $eDDC23BSB 
045H/01 $a909.04924 
045Z    $8NY 9000 [Tkv] $9410953628 
046M    $aZsfassung in engl. Sprache 

lok: 10568106 3
101B    $028-03-07 $t09:52:00.000 
101C    $004-11-02 
101U    $0utf8 
144Z/20 $aj02nov 
145S/06 $a770 
145Z/01 $a900 Ad 0100 Schulz, B. 

exp: 10568106 3 1 #EPN
201B/01 $028-03-07 $t09:52:00.000 
201C/01 $017-07-02 
201U/01 $0utf8 
203@/01 $0172944899 
208@/01 $a19-09-02 $bzAa 
209A/01 $a87.337.83 $du $f000 $h87 337 83 $x00 
209G/01 $a87337839 $x00 
247C/01 $8601000-3 <30>Frankfurt, Universitätsbibliothek J. C. Senckenberg, Zentralbibliothek (ZB) $9102598258 

lok: 10568106 24
101B    $005-12-02 $t18:48:55.031 
101C    $031-10-02 
145Z/01 $a2 S 863 
145Z/02 $a26 11 M 
145Z/03 $a32 9 F 
101U    $0utf8 

exp: 10568106 24 1 #EPN
201B/01 $018-12-02 $t03:48:42.250 
201C/01 $031-10-02 
203@/01 $0177191570 
208@/01 $a31-10-02 $bz 
209A/01 $a02.4316 $du $f050 $h02 4316 $x00 
209C/01 $a02.4316 K $h02 4316 K 
209G/01 $a70534851 $x00 
247C/01 $8358050-7 Marburg, Bibliothek des Herder-Instituts Marburg $9102600961 
201U/01 $0utf8 

lok: 10568106 66

exp: 10568106 66 1 #EPN
201B/01 $016-10-09 $t19:39:04.000 
201U/01 $0utf8 
203@/01 $0583013929 
208@/01 $a15-10-09 $br 
209A/01 $aD 3 Sch/P-2 $du $f000 $x00 
209C/01 $a04/g786 
247C/01 $8618123-5 Darmstadt, Bibliothek des Deutschen Polen-Instituts $9102600902 

lok: 10568106 78

exp: 10568106 78 1 #EPN
201B/01 $019-04-17 $t19:02:23.000 
201U/01 $0utf8 
203@/01 $0794437591 
208@/01 $a12-11-16 $be 
209A/01 $a/ $f000 $x00 
237A/01 $aweiterführende Signatur(en): Herder-Institut: 02.4316 
244Z/01 $2Trx $#Kesk- ja Ida- Euroopa kontseptsioonid $#Vidurio Europos koncepcijos $#East-Central Europe $#Keletközépeurópa-eszmék $#Europa Środkowo-Wschodnia koncepcje $#Európa stredovýchodná koncepcie $#Evropa střední, východní část koncepce $#Mitteleuropa $#Osteuropakonzeptionen $#Europa Środkowa koncepcje $#Stredná Európa koncepcie $#Střední Europa koncepce $8--Trx--Ostmitteleuropakonzeptionen $x01 $9391364286 
244Z/01 $2Trx $#Poola $#Lenkija $#Polija $#Polen Land $#Poland $#Lengyelország $#Poľsko $#Polsko $8--Trx--Polska$gkraj $x02 $9391345966 
244Z/01 $aSchulz, Bruno  $x03 
244Z/01 $2Trx $8--Trx--Monographie $x04 $9391384546 
245Z/01 $a10.03.01 $x01 
247C/01 $82080>Marburg/Lahn, Herder-Institut, Forschungsbibliothek, Bibliographieportal $9336309341
LEADER 00000cam a22000002c 4500
001 105681067
003 DE-603
005 20230519214033.0
007 tu
008 020717s2001 xx |||| | u00||u|pol c
020 |a 8322717946 
035 |a (DE-599)HEB105681067 
035 |a (OCoLC)49855257 
040 |a DE-603  |b ger  |c DE-603  |d DE-603 
041 |a pol 
082 0 4 |8 1\u  |a 200.9437  |q DE-101  |2 23/BSB 
083 0 |8 2\u  |a 709.438  |q DE-101  |2 23/BSB 
083 0 |8 3\u  |a 909.04924  |q DE-101  |2 23/BSB 
084 |a NY 9000  |0 (DE-625)132375:  |0 (DE-603)410953628  |2 rvk 
085 |8 1\u  |b 200.9 
085 |8 1\u  |z 2  |s 437 
085 |8 1\u  |z 2  |s 438 
085 |8 2\u  |b 709 
085 |8 2\u  |z 2  |s 438 
085 |8 3\u  |b 909.04924 
100 1 |a Panas, Władysław  |d 1947-2005  |0 (DE-603)178227811  |0 (DE-588)131675737  |2 gnd 
245 0 0 |a Bruno od Mesjasza  |b rzecz o dwóch ekslibrisach oraz jednym obrazie i killkudziesie̜ciu rysunkach Brunona Schulza  |c Władysław Panas 
264 1 |a Lublin  |b Wydaw. Uniw. Marii Curie-Skłodowskiej  |c 2001 
300 |a 200 S.  |b Ill. 
500 |a Zsfassung in engl. Sprache 
600 1 7 |a Schulz, Bruno  |d 1892-1942  |0 (DE-588)118762427  |0 (DE-603)087103109  |2 gnd 
924 0 |9 30  |a (DE-603)172944899  |b DE-30  |c HES  |d c  |g 87.337.83 
924 0 |9 Mb 50  |a (DE-603)177191570  |b DE-Mb50  |c HES  |d c  |g 02.4316 
924 0 |9 Ds 123  |a (DE-603)583013929  |b DE-Ds123  |c HES  |d d  |g D 3 Sch/P-2 
924 0 |9 2080  |a (DE-603)794437591  |b DE-2080  |c HES  |d d  |g /